[Event "ITA-ch U16"]
[Site "Tarvisio"]
[Date "2023.07.03"]
[Round "2"]
[White "Mingrone, Agostino"]
[Black "Treccozzi, Riccardo"]
[Result "0-1"]
[WhiteElo "1600"]
[BlackElo "2001"]
[PlyCount "102"]
[EventDate "2023.07.02"]
[EventType "swiss"]
[EventRounds "9"]
[EventCountry "ITA"]
[SourceTitle "EXT 2024"]
[Source "ChessBase"]
[SourceDate "2023.10.10"]
[SourceVersion "1"]
[SourceVersionDate "2023.10.10"]
[SourceQuality "1"]

1. Nf3 g6 2. g3 Bg7 3. Bg2 Nf6 4. 0-0 0-0 5. c4 d6 6. d3 e5 7. Nbd2 Nbd7 8. b3 Re8 9. Bb2 c6 10. Rc1 Qc7 11. Rc2 a5 12. a3 Nf8 13. Qa1 N6d7 14. e4 Nc5 15. d4 exd4 16. Nxd4 Nfe6 17. Nxe6 Nxe6 18. Bxg7 Nxg7 19. f4 Qb6+ 20. Kh1 Bd7 21. Re1 Rad8 22. Qc3 Ne6 23. Nf3 Nc5 24. Nd4 Ne6 25. Nxe6 Bxe6 26. Rd2 Qc5 27. Qa1 a4 28. bxa4 Qxc4 29. Rd4 Qa6 30. Bf1 Qa5 31. Rb4 Rb8 32. Qd1 Red8 33. Bc4 d5 34. exd5 cxd5 35. Rb5 Qc3 36. Rb3 Qxc4 37. Rb4 Qc6 38. Kg1 Qc5+ 39. Qd4 Qxd4+ 40. Rxd4 Rdc8 41. Rb4 Rc4 42. Reb1 Rxb4 43. axb4 Kf8 44. a5 Ra8 45. Rc1 Rc8 46. Rb1 Ke7 47. Rb2 Kd6 48. Kf2 Rc3 49. Rd2 Rb3 50. Rd4 Kc6 51. Kg1 Kb5 0-1